[Event "Salem op"]
[Site "Salem"]
[Date "2000.??.??"]
[Round "4"]
[White "Roktim, Bandyopadhyay"]
[Black "Pounraj, R."]
[Result "1/2-1/2"]
[WhiteElo "2293"]
[BlackElo "2148"]
[PlyCount "55"]
[EventDate "2000.05.??"]
[EventType "swiss"]
[EventRounds "11"]
[EventCountry "IND"]
[SourceTitle "EXT 2001"]
[Source "ChessBase"]
[SourceDate "2000.11.22"]
[SourceVersion "1"]
[SourceVersionDate "2000.11.22"]
[SourceQuality "1"]

1. Nf3 Nf6 2. g3 d6 3. Bg2 e5 4. 0-0 g6 5. c4 Bg7 6. Nc3 0-0 7. d3 h6 8. Rb1 c5 9. b4 cxb4 10. Rxb4 Nc6 11. Rb1 Re8 12. Nd2 Bf8 13. Qa4 Qc7 14. Nd5 Nxd5 15. cxd5 Qa5 16. Qxa5 Nxa5 17. Ba3 b6 18. Ne4 Rd8 19. f4 exf4 20. Nf6+ Kh8 21. Rxf4 Nb7 22. Rc1 Nc5 23. d4 Na6 24. e4 Rb8 25. Rf2 b5 26. Bf1 h5 27. e5 Bh6 28. Re1 1/2-1/2